Úloha bydlení v sociálně ekonomickém rozvoji

Saved in:
Bibliographic Details
Main Author: Lérová, Irena
Format: Book
Language:Czech
Published: Praha Státní nakladatelství technické literatury 1983
Tags: Add Tag
No Tags, Be the first to tag this record!

MARC

LEADER 00000nam a2200000 4500
001 c133861
005 20041019155259.4
041 0 |a cze 
044 |a CZ 
245 1 0 |a Úloha bydlení v sociálně ekonomickém rozvoji  |c Irena Lérová 
264 1 |a Praha  |b Státní nakladatelství technické literatury  |c 1983 
300 |a 233 s. 
100 1 |a Lérová, Irena